| 000 | 00853nam a2200253 a 4500 | ||
|---|---|---|---|
| 001 | BRCA_7346 | ||
| 005 | 20190320205813.0 | ||
| 008 | 210213m19481955fr-a######---#000-0#fre-# | ||
| 041 | _afre | ||
| 044 | _afr | ||
| 050 | 4 |
_aN40 _b.D53 1948 |
|
| 245 | 1 | 0 | _aDictionaire critique et documentaire des peintres, sculpteurs, dessinateurs et graveurs de tous les temps et de tous les pays, par un groupe d´ecrivains specialistes francais et etrangers. |
| 260 |
_a[París] _bGrund _c1948-1955 |
||
| 300 |
_a8 v. _bil. |
||
| 500 | _aEjemplar numerado 987 de 3000 | ||
| 500 | _aQ1 | ||
| 650 | 1 | 4 |
_aArtistas _vBiografías _96229 |
| 650 | 1 | 4 |
_aArtistas _vDiccionarios _96076 |
| 650 | 1 | 4 |
_aMarcas de artistas _vDiccionarios _96230 |
| 650 | 1 | 4 |
_aMonogramas _vDiccionarios _915156 |
| 650 | 1 | 4 |
_aEnciclopedias y diccionarios _99441 |
| 902 | _aGFM | ||
| 942 |
_2lcc _cB |
||
| 999 |
_c7022 _d7022 |
||